000 01385nam a22003257a 4500
005 20240530110920.0
008 220221s2007 ua a g b 000 0 ara d
017 _a2007/20872
040 _aEG-CaGPL
_cEG-CaGPL
082 0 4 _221
_a342.035 \
_bب و
100 0 _aبهى الدين حسن
245 1 0 _aوطن بلا مواطنين :
_bالتعديلات الدستورية فى الميزان /
_cبهى الدين حسن ، صلاح عيسى ، عمرو حمزواى ؛ اعداد محمد حلمى ، معتز الفجيرى ؛ تقديم بهى الدين حسن
250 _aط.1
260 _aالقاهرة :
_bمركز القاهرة لدراسات حقوق الانسان ،
_c2007
300 _a330 ص؛
_c24 سم
490 0 _aسلسلة قضايا الاصلاح ؛
_v16
650 0 7 _aالاصلاح الدستورى
_2qrmak
650 0 7 _2qrmak
_aالدستور
_xتعديلات
650 0 7 _aالدستور
_zمصر
650 0 7 _aالدستور
_2qrmak
650 0 7 _aالارهاب
_2qrmak
650 0 7 _aالاخوان المسلمون
_2qrmak
700 0 _aصلاح عيسى
_eمؤلف مشارك
700 0 _aعمرو حمزواى
_eمؤلف مشارك
700 0 _aمحمد حلمى
_eمعد
700 0 _aمعتز الفجيرى
_eمعد
700 0 _aبهى الدين حسن
_eمقدم
942 _2ddc
_cBK
999 _c66476
_d66476